| 000 | 01110nam a2200301 i 4500 | ||
|---|---|---|---|
| 003 | EG-GICUC | ||
| 005 | 20260121101525.0 | ||
| 008 | 251218s1990 ua ||||fr|||| 00| 0 ara d | ||
| 017 | _a19903260 | ||
| 040 |
_a EG-GICUC _bara _c EG-GICUC _d EG-GICUC _erda |
||
| 041 | _aara | ||
| 082 | 0 | 4 |
_221 _a343.6 _bن و . م |
| 092 | 0 | 4 | _221 |
| 099 | _aLaw1 10 343.6 ن و . م 1990 | ||
| 100 | 0 |
_aنور الدين هنداوى _eمؤلف. |
|
| 245 | 1 | 0 |
_aمبادئ علم الاجرام / _cنور الدين هنداوى. |
| 264 | 1 |
_aالقاهرة : _bدار النهضة العربية، _c1990. |
|
| 300 |
_a189 صفحة ؛ _c24 سم. |
||
| 336 |
_2rda content _atext |
||
| 337 |
_2rda media _aComputer |
||
| 338 |
_2rda carrier _aOnline Resource |
||
| 504 | _aيحتوي على اراجاعات ببليوجرافية | ||
| 546 | _aالنص أغلبه باللغة العربية بعض النصوص الإنجليزية والفرنسية | ||
| 650 | 1 | 4 |
_aعلم الإجرام _2qrmak |
| 856 | 4 | 0 | _uhttps://fll.law.cu.edu.eg/fulltext/bks/B10-07070.pdf |
| 905 |
_a75 _eYara |
||
| 942 |
_2ddc _cBK _e21 _n0 |
||
| 999 |
_c51746 _d51746 |
||